003630000a2200085000450024501430000004100140014370000270015710000320018477300610021610aImpacto económico del daño causado por defoliadores en plantaciones de Pinus patula Schiede & Deppe en el Norte de Antioquia, Colombia0 aEspañol1 aMadrigal C., Alejandro1 adel Valle A., Jorge Ignacio1 tCrónica Forestal y del Medio Ambienteh11q47-57d1996